<?xml version="1.0" encoding="UTF-8"?><?xml-stylesheet type="text/xsl" href="static/style.xsl"?><OAI-PMH xmlns="http://www.openarchives.org/OAI/2.0/" xmlns:xsi="http://www.w3.org/2001/XMLSchema-instance" xsi:schemaLocation="http://www.openarchives.org/OAI/2.0/ http://www.openarchives.org/OAI/2.0/OAI-PMH.xsd"><responseDate>2026-04-30T06:56:21Z</responseDate><request verb="GetRecord" identifier="oai:repisalud.isciii.es:20.500.12105/15583" metadataPrefix="marc">https://repisalud.isciii.es/rest/oai/request</request><GetRecord><record><header><identifier>oai:repisalud.isciii.es:20.500.12105/15583</identifier><datestamp>2025-06-17T13:10:30Z</datestamp><setSpec>com_20.500.12105_2052</setSpec><setSpec>com_20.500.12105_2051</setSpec><setSpec>col_20.500.12105_19616</setSpec></header><metadata><record xmlns="http://www.loc.gov/MARC21/slim" xmlns:dcterms="http://purl.org/dc/terms/" xmlns:doc="http://www.lyncode.com/xoai" xmlns:xsi="http://www.w3.org/2001/XMLSchema-instance" xsi:schemaLocation="http://www.loc.gov/MARC21/slim http://www.loc.gov/standards/marcxml/schema/MARC21slim.xsd">
   <leader>00925njm 22002777a 4500</leader>
   <datafield ind2=" " ind1=" " tag="042">
      <subfield code="a">dc</subfield>
   </datafield>
   <datafield ind2=" " ind1=" " tag="720">
      <subfield code="a">Garcia-Primo, Patricia</subfield>
      <subfield code="e">author</subfield>
   </datafield>
   <datafield ind2=" " ind1=" " tag="720">
      <subfield code="a">Posada De la Paz, Manuel</subfield>
      <subfield code="e">author</subfield>
   </datafield>
   <datafield ind2=" " ind1=" " tag="720">
      <subfield code="a">Martín Cilleros, María Victoria</subfield>
      <subfield code="e">author</subfield>
   </datafield>
   <datafield ind2=" " ind1=" " tag="720">
      <subfield code="a">Santos Borbujo, José</subfield>
      <subfield code="e">author</subfield>
   </datafield>
   <datafield ind2=" " ind1=" " tag="720">
      <subfield code="a">Bueno Carrera, Gloria</subfield>
      <subfield code="e">author</subfield>
   </datafield>
   <datafield ind2=" " ind1=" " tag="720">
      <subfield code="a">Canal-Bedia, Ricardo</subfield>
      <subfield code="e">author</subfield>
   </datafield>
   <datafield ind2=" " ind1=" " tag="260">
      <subfield code="c">2015-06</subfield>
   </datafield>
   <datafield ind2=" " ind1=" " tag="520">
      <subfield code="a">[ES] La importancia de la detección y de la intervención precoz en los trastornos del espectro autista (TEA) ha adquirido gran interés tanto para las sociedades profesionales como por la administración sanitaria. Con el propósito de facilitar la puesta en marcha de dispositivos de detección y de atención e intervención a edades tempranas de estos niños, es necesaria una información actualizada y sintetizada sobre los procedimientos de cribado y las técnicas de atención temprana para niños con TEA, reflejando los aspectos más relevantes que se deduzcan de las experiencias y estudios llevados a cabo hasta el momento. Tras la revisión realizada en nuestro estudio sobre las experiencias de detección precoz de autismo, se obtiene un grupo de consideraciones importantes, para realizar análisis críticos de programas de cribado en marcha así como recomendaciones para experiencias futuras. Así mismo, la revisión de los estudios sobre la eficacia de los programas de atención temprana nos proporciona una visión esperanzadora, indicando que éstos son cada vez más frecuentes, sistemáticos y metodológicamente más apropiados. Llevamos mucho camino recorrido, pero aún queda mucho por hacer. [EN] The importance of screening and early intervention in autism spectrum disorders (ASD) has gained great interest not only for the scientific societies but also for the health and welfare systems. In order to facilitate the selection and implementation of the best screening procedures and intervention programs for children at early ages and their families, it is necessary an updated and synthesized review of the experiences and studies carried out so far that would show the most relevant aspects of these methods. After carrying out this revision, several important considerations were extracted aiming for critical analysis of screening programs in place, as well as recommendations for future experiences. In addition, the review of studies on the effectiveness of early intervention programs provides an encouraging scenery, indicating that these are becoming more frequent, systematic and methodologically appropriate. We have walked a long journey, but much work remains to be done.</subfield>
   </datafield>
   <datafield ind1="8" ind2=" " tag="024">
      <subfield code="a">Siglo Cero, vol. 46 (2), n.º 254, 2015, abril-junio, pp. 31-55.</subfield>
   </datafield>
   <datafield ind1="8" ind2=" " tag="024">
      <subfield code="a">10.14201/scero20154623155</subfield>
   </datafield>
   <datafield ind1="8" ind2=" " tag="024">
      <subfield code="a">0210-1696</subfield>
   </datafield>
   <datafield ind1="8" ind2=" " tag="024">
      <subfield code="a">0210-1696</subfield>
   </datafield>
   <datafield ind1="8" ind2=" " tag="024">
      <subfield code="a">Siglo Cero. Revista Española sobre Discapacidad Intelectual</subfield>
   </datafield>
   <datafield ind1="8" ind2=" " tag="024">
      <subfield code="a">http://hdl.handle.net/20.500.12105/15583</subfield>
   </datafield>
   <datafield tag="653" ind2=" " ind1=" ">
      <subfield code="a">Autismo</subfield>
   </datafield>
   <datafield tag="653" ind2=" " ind1=" ">
      <subfield code="a">Detección</subfield>
   </datafield>
   <datafield tag="653" ind2=" " ind1=" ">
      <subfield code="a">Intervención temprana</subfield>
   </datafield>
   <datafield tag="653" ind2=" " ind1=" ">
      <subfield code="a">Tratamiento</subfield>
   </datafield>
   <datafield tag="653" ind2=" " ind1=" ">
      <subfield code="a">Autism</subfield>
   </datafield>
   <datafield tag="653" ind2=" " ind1=" ">
      <subfield code="a">Screening</subfield>
   </datafield>
   <datafield tag="653" ind2=" " ind1=" ">
      <subfield code="a">Early intervention</subfield>
   </datafield>
   <datafield tag="653" ind2=" " ind1=" ">
      <subfield code="a">Treatment</subfield>
   </datafield>
   <datafield ind2="0" ind1="0" tag="245">
      <subfield code="a">La detección e intervención tempranas en menores con trastorno del espectro autista</subfield>
   </datafield>
</record></metadata></record></GetRecord></OAI-PMH>